export_success — 

The Dark Side of Decentralized Target Tracking : Unknown Correlations and Communication Constraints.

Bibliographic Details
Main Author: Forsling, Robin.
Format: eBook
Language:English
Published: Linköping : Linkopings Universitet, 2023.
Edition:1st ed.
Series:Linköping Studies in Science and Technology. Dissertations Series
Subjects:
Online Access:Click to View
LEADER 01667nam a22003733i 4500
001 EBC31012614
003 MiAaPQ
005 20240729202206.0
006 m o d |
007 cr cnu||||||||
008 240729s2023 xx o ||||0 eng d
020 |a 9789180754101  |q (electronic bk.) 
020 |z 9789180754095 
035 |a (MiAaPQ)EBC31012614 
035 |a (Au-PeEL)EBL31012614 
035 |a (OCoLC)1432601508 
040 |a MiAaPQ  |b eng  |e rda  |e pn  |c MiAaPQ  |d MiAaPQ 
100 1 |a Forsling, Robin. 
245 1 4 |a The Dark Side of Decentralized Target Tracking :  |b Unknown Correlations and Communication Constraints. 
250 |a 1st ed. 
264 1 |a Linköping :  |b Linkopings Universitet,  |c 2023. 
264 4 |c {copy}2023. 
300 |a 1 online resource (164 pages) 
336 |a text  |b txt  |2 rdacontent 
337 |a computer  |b c  |2 rdamedia 
338 |a online resource  |b cr  |2 rdacarrier 
490 1 |a Linköping Studies in Science and Technology. Dissertations Series ;  |v v.2359 
588 |a Description based on publisher supplied metadata and other sources. 
590 |a Electronic reproduction. Ann Arbor, Michigan : ProQuest Ebook Central, 2024. Available via World Wide Web. Access may be limited to ProQuest Ebook Central affiliated libraries.  
655 4 |a Electronic books. 
776 0 8 |i Print version:  |a Forsling, Robin  |t The Dark Side of Decentralized Target Tracking  |d Linköping : Linkopings Universitet,c2023  |z 9789180754095 
797 2 |a ProQuest (Firm) 
830 0 |a Linköping Studies in Science and Technology. Dissertations Series 
856 4 0 |u https://ebookcentral.proquest.com/lib/matrademy/detail.action?docID=31012614  |z Click to View